Cervantes y el mundo del "Persiles" / (Record no. 16270)

MARC details
000 -LEADER
campo de control de longitud fija 00911nam a2200241 i 4500
001 - NÚMERO DE CONTROL
campo de control 16270
003 - IDENTIFICADOR DE NÚMERO DE CONTROL
campo de control ES-MaACL
005 - FECHA Y HORA DE LA ÚLTIMA TRANSACCIÓN
campo de control 20240222171229.0
007 - CAMPO FIJO DE DESCRIPCIÓN FÍSICA--INFORMACIÓN GENERAL
campo de control de longitud fija t|
008 - DATOS DE LONGITUD FIJA--INFORMACIÓN GENERAL
campo de control de longitud fija 000823s1998 sp ||||1| spa d
020 ## - NÚMERO INTERNACIONAL ESTÁNDAR DEL LIBRO
Número Internacional Estándar del Libro 84-88333-25-0
080 ## - NÚMERO DE LA CLASIFICACIÓN DECIMAL UNIVERSAL
Número de la Clasificación Decimal Universal 821.134.2 Cervantes Saavedra, Miguel de 7 Persiles y Segismunda.06
100 1# - ENTRADA PRINCIPAL--NOMBRE DE PERSONA
Nombre de persona Lozano Renieblas, Isabel.
9 (RLIN) 74462
245 10 - MENCIÓN DEL TÍTULO
Título Cervantes y el mundo del "Persiles" /
Mención de responsabilidad, etc. Isabel Lozano Renieblas.
260 ## - PUBLICACIÓN, DISTRIBUCIÓN, ETC.
Lugar de publicación, distribución, etc. Alcalá de Henares :
Nombre del editor, distribuidor, etc. Centro de Estudios Cervantinos,
Fecha de publicación, distribución, etc. 1998.
300 ## - DESCRIPCIÓN FÍSICA
Extensión 222 p. ;
Dimensiones 20 cm.
490 1# - MENCIÓN DE SERIE
Mención de serie Biblioteca de estudios cervantinos ;
Designación de volumen o secuencia 6
600 17 - PUNTO DE ACCESO ADICIONAL DE MATERIA--NOMBRE DE PERSONA
Nombre de persona Cervantes Saavedra, Miguel de,
Fechas asociadas al nombre 1547-1616.
Título de la obra Los trabajos de Persiles y Sigismunda
Fuente del encabezamiento o término
9 (RLIN) 157465
710 2# - ENTRADA AGREGADA--NOMBRE DE ENTIDAD CORPORATIVA
Nombre de entidad corporativa o nombre de jurisdicción como elemento de entrada Centro de Estudios Cervantinos.
9 (RLIN) 2617
830 0# - PUNTO DE ACCESO ADICIONAL DE SERIE-TÍTULO UNIFORME
Título uniforme Biblioteca de estudios cervantinos ;
Designación de volumen o secuencia 6
9 (RLIN) 190051
852 ## - LOCALIZACIÓN
Ubicación ES-MaACL
Número de control de estantería L-23495
Sublocalización o colección R.128947
Holdings
Estatus retirado Estado de pérdida Estado de daño No para préstamo Biblioteca de origen Biblioteca actual Ubicación en estantería Fecha de adquisición Fuente de adquisición Total de préstamos Signatura topográfica completa Código de barras Visto por última vez Precio de reemplazo Tipo de ítem Koha
        Biblioteca del Ateneo de Madrid Biblioteca del Ateneo de Madrid Depósito 2 17/01/2008     L-23495 1016532 23/02/2023 23/02/2023 Libro impreso